European City by Attractions Quiz Stats

Quiz Updated Mar 25, 2013

Also try: Landmark Cities
Challenge
Share
Tweet
Embed
Score 0/24 Timer 06:00
1 Play Today
% Correct
Paris
94%
London
93.7%
Athens
89.5%
Rome
86.5%
Moscow
81.8%
Amsterdam
80.5%
Venice
75%
Dublin
74.5%
Barcelona
72.6%
Berlin
70%
Istanbul
68.1%
Madrid
59.9%
% Correct
Warsaw
54.1%
St. Petersburg
53.4%
Milan
50%
Naples
47.7%
Munich
46%
Hamburg
41.8%
Prague
41.6%
Stockholm
41.1%
Vienna
38.5%
Kiev
32.7%
Budapest
31%
Lisbon
29.6%

You're not logged in!

Compare scores with friends on all Sporcle quizzes.
Sign Up with Email
OR
Log In

You Might Also Like...

Show Comments

Extras

Top Quizzes Today


Score Distribution

Your Account Isn't Verified!

In order to create a playlist on Sporcle, you need to verify the email address you used during registration. Go to your Sporcle Settings to finish the process.